000 00578nam a2200193Ia 4500
005 20260114185903.0
008 008 260114s9999 xx 000 0 eng d
020 _a9781509937097
037 _aEBOOK
040 _aCRL
_beng
_cCRL
041 _aeng
_2eng
084 _qCRL
100 _aDeakin, Simon
_9875695
245 0 _aIs Law Computable? Critical Perspectives on Law and Artificial Intelligence
260 _bBloomsbury
_c2020
856 _uhttps://www.bloomsburycollections.com/monograph?docid=b-9781509937097
942 _cEBOOK
999 _c1474504
_d1474504